MARC

LEADER 00000nam0a2200000 4500
001 285098
005 20231101235748.0
020 |a RU  |b 85-29309 
035 |a (RuTPU)RU\TPU\book\309301 
090 |a 285098 
100 |a 20150220d1985 k y0rusy5003 ca 
101 0 |a rus 
102 |a RU 
105 |a a z 001zy 
200 1 |a Радиолокационные характеристики летательных аппаратов  |f М. Е. Варганов [и др.]  |g под ред. Л. Т. Тучкова 
210 |a Москва  |c Радио и связь  |d 1985 
215 |a 236 с.  |c ил. 
320 |a Библиогр.: с. 228-234 
606 |a Летательные аппараты  |x Радиолокационные характеристики  |2 stltpush  |3 (RuTPU)RU\TPU\subj\40134  |9 60005 
610 1 |a описание 
610 1 |a электромагнитные волны 
610 1 |a рассеяние 
610 1 |a узкополосные сигналы 
610 1 |a аппроксимационные методы 
610 1 |a измерение 
610 1 |a моделирование 
610 1 |a классификация 
675 |a 629.73.05:621.3  |v 3 
701 1 |a Варганов  |b М. Е.  |g Михаил Евгеньевич 
701 1 |a Зиновьев  |b Ю. С.  |g Юлий Семенович 
701 1 |a Астанин  |b Л. Ю.  |g Лев Юрьевич 
701 1 |a Костылев  |b А. А.  |g Александр Александрович 
702 1 |a Тучков  |b Л. Т.  |g Леонид Тимофеевич  |4 340 
801 0 |a RU  |b RuMRKP  |c 19950704  |g psbo 
801 1 |a RU  |b 63413507  |c 20150220 
801 2 |a RU  |b 63413507  |c 20171128  |g RCR 
942 |c BK